Normal view MARC view

Entry Personal Name

Number of records used in: 2

001 - CONTROL NUMBER

  • control field: 37501

003 - CONTROL NUMBER IDENTIFIER

  • control field: dpl

005 - DATE AND TIME OF LATEST TRANSACTION

  • control field: 20111223104552.0

008 - FIXED-LENGTH DATA ELEMENTS

  • fixed length control field: 111223|||a|||||| | ||| d

040 ## - CATALOGING SOURCE

  • Original cataloging agency: dpl
  • Transcribing agency: dpl

100 ## - HEADING--PERSONAL NAME

  • Personal name: Tayl,Amit...[et al]

670 ## - SOURCE DATA FOUND

  • Source citation: Work cat.: (dpl)32893: Plummer, Todd 37499, Eureka! I've discovered heat:, 2009

670 ## - SOURCE DATA FOUND

  • Source citation: Work cat.: (dpl)32893: Plummer, Todd 37499, Eureka! I've discovered heat:, 2009

© Delhi Public Library
Hit Counter
free hit counter